000 00959nam a22003137a 4500
003 CHAP
005 20220817042508.0
008 971013s1981 r 00010 d
010 _a46283
011 _a47255
035 _a51397
040 _cCHAP
090 _aFolleto 7812
110 _aUniversidad Autónoma Agraria Antonio Narro. Saltillo, Coah.
_9116288
245 _aPecari
260 _aSaltillo, Coah. :
_bLa Universidad,
_c1981
300 _aHoja desplegable
490 _aSerie mamíferos
590 _aBATCH-UPD
_b10
_c20130110
_lUCH01
_h2256
590 _aBATCH-UPD
_b10
_c20130410
_lUCH01
_h1549
590 _aBATCH-UPD
_b10
_c20130914
_lUCH01
_h1742
590 _aCONVERSION
_b10
_c20130109
_lUCH01
_h1325
650 1 4 _aMamíferos.
_970236
830 0 _aSerie mamíferos
901 _aBK
942 _cFOLL
949 _aFolleto 7812
_bBC
_cFOLL
_d-115008
_eTS1
_i51397
_mD
_si
949 _aFolleto 7812
_bBC
_cFOLL
_d-115009
_eTS2
_fc.2
_i51397
_mD
_si
999 _c46283
_d46283